特殊な効果のないポケモンの技 - Statistics

General Stats
  • This quiz has been taken 331 times
  • The average score is 11 of 38
Answer Stats
Hint Answer % Correct
ノーマル たいあたり
87%
みず みずでっぽう
84%
いわ いわおとし
61%
ひこう つばさでうつ
57%
ノーマル はたく
54%
ドラゴン ドラゴンクロー
53%
ノーマル ひっかく
49%
みず ハイドロポンプ
48%
くさ このは
46%
くさ つるのムチ
44%
ひこう つつく
42%
ドラゴン りゅうのはどう
42%
フェアリー マジカルシャイン
34%
むし シザークロス
25%
ノーマル メガトンキック
24%
ノーマル メガトンパンチ
24%
ノーマル いあいぎり
23%
みず アクアテール
22%
フェアリー ようせいのかぜ
22%
ノーマル かいりき
21%
ノーマル たたきつける
21%
ノーマル つのでつく
18%
むし メガホーン
18%
いわ パワージェム
15%
ひこう ドリルくちばし
13%
ゴースト アストラルビット
12%
くさ タネばくだん
12%
ノーマル はさむ
12%
くさ パワーウィップ
12%
こおり ブリザードランス
12%
じめん 10まんばりき
12%
くさ はなふぶき
11%
みず こんげんのはどう
10%
じめん だんがいのつるぎ
10%
くさ えだづき
7%
ドラゴン ドラゴンハンマー
7%
じめん グランドフォース
6%
あく ぶんまわす
4%
No matching quizzes found
Score Distribution
Percent of People with Each Score
Percentile by Number Answered
Your Score History
You have not taken this quiz